000 00682nam a2200253Ia 4500
003 OSt
005 20221005021946.0
006 a|||||r|||| 00| 0
007 ta
008 221004b |||||||| |||| 00| 0 eng d
020 _a8186962026 (pbk)
024 _a121339
037 _bGift, 19/09/2012,
_cTextual
040 _aCRL
_cCRL
_beng
041 _2eng
_aeng
082 _aV41.N, N8
100 _aAmin Samir
245 0 _aFuture of maoism
260 _aAhmedabad
_bRainbow Publishers Limited India
_c1998
300 _axxxiii, 154p.
_ccm.
650 _aHISTORY
942 _hV41.N, N8
_cTEXL
_2cc
999 _c928439
_d928439